<?xml version="1.0" encoding="UTF-8"?>
<record
    xmlns:xsi="http://www.w3.org/2001/XMLSchema-instance"
    xsi:schemaLocation="http://www.loc.gov/MARC21/slim http://www.loc.gov/standards/marcxml/schema/MARC21slim.xsd"
    xmlns="http://www.loc.gov/MARC21/slim">

  <leader>01021nam a22002057a 4500</leader>
  <controlfield tag="001">85859</controlfield>
  <controlfield tag="005">20260430101705.0</controlfield>
  <controlfield tag="008">260430s2017    sp ||||| |||| 00| 0 spa d</controlfield>
  <datafield tag="040" ind1=" " ind2=" ">
    <subfield code="a">M-RABA</subfield>
    <subfield code="b">spa</subfield>
    <subfield code="c">M-RABA</subfield>
  </datafield>
  <datafield tag="245" ind1="0" ind2="0">
    <subfield code="a">Caminito a Sama&#xED;n</subfield>
    <subfield code="b">: Dossier de actividades pedag&#xF3;gicas</subfield>
    <subfield code="c">/ Departamento de Ingl&#xE9;s. I. E. S. La Caleta C&#xE1;diz</subfield>
  </datafield>
  <datafield tag="260" ind1=" " ind2=" ">
    <subfield code="a">[C&#xE1;diz]</subfield>
    <subfield code="b">: [I. E. S. La Caleta]</subfield>
    <subfield code="c">, [2017]</subfield>
  </datafield>
  <datafield tag="300" ind1=" " ind2=" ">
    <subfield code="a">49 p.</subfield>
    <subfield code="b">: il. col.</subfield>
    <subfield code="c">; 30 cm</subfield>
  </datafield>
  <datafield tag="500" ind1="0" ind2="0">
    <subfield code="a">En port. escrito a tinta azul: "(tercera versi&#xF3;n, 2019)".</subfield>
  </datafield>
  <datafield tag="500" ind1="0" ind2="0">
    <subfield code="a">En cub.: El s&#xE9;ptimo clip de Producciones Juan d'Ors. DIBUJOS de Alfredo Ugarte Urumo. MUSICA de Juan d'Ors. ACTIVIDADES PEDAG&#xD3;GICAS Academia Municipal de Dibujo y Pintura de Ir&#xFA;n y Departamento de Ingl&#xE9;s del I. E. S. La Caleta de C&#xE1;diz.</subfield>
  </datafield>
  <datafield tag="500" ind1="0" ind2="0">
    <subfield code="a">Programaci&#xF3;n de actividades del departamento de ingl&#xE9;s para la actividad cultural de Halloween. Curso 2017-2018</subfield>
  </datafield>
  <datafield tag="597" ind1=" " ind2=" ">
    <subfield code="a">Encuadernado en espiral.</subfield>
  </datafield>
  <datafield tag="650" ind1=" " ind2="0">
    <subfield code="a">Arte-</subfield>
    <subfield code="x">Educaci&#xF3;n</subfield>
    <subfield code="9">101835</subfield>
  </datafield>
  <datafield tag="852" ind1=" " ind2=" ">
    <subfield code="j">F-16126</subfield>
  </datafield>
  <datafield tag="942" ind1=" " ind2=" ">
    <subfield code="c">FONDOMODER</subfield>
    <subfield code="n">0</subfield>
  </datafield>
  <datafield tag="952" ind1=" " ind2=" ">
    <subfield code="0">0</subfield>
    <subfield code="1">0</subfield>
    <subfield code="2">ddc</subfield>
    <subfield code="4">0</subfield>
    <subfield code="7">0</subfield>
    <subfield code="a">RABASF</subfield>
    <subfield code="b">RABASF</subfield>
    <subfield code="c">DP2</subfield>
    <subfield code="d">2026-04-30</subfield>
    <subfield code="e">D</subfield>
    <subfield code="i">46250</subfield>
    <subfield code="l">0</subfield>
    <subfield code="o">F-16126</subfield>
    <subfield code="p">1097162</subfield>
    <subfield code="r">2026-04-30 10:17:27</subfield>
    <subfield code="w">2026-04-30</subfield>
    <subfield code="y">FONDOMODER</subfield>
  </datafield>
  <datafield tag="999" ind1=" " ind2=" ">
    <subfield code="c">85859</subfield>
    <subfield code="d">85859</subfield>
  </datafield>
</record>
